| 000 | 01320cam a2200397Ia 4500 | ||
|---|---|---|---|
| 999 |
_c94 _d94 |
||
| 001 | 692662730 | ||
| 003 | OCoLC | ||
| 005 | 20190725150927.0 | ||
| 008 | 101215t20102008nyu d 000 1 eng d | ||
| 020 | _a9781416950066 (pbk.) | ||
| 020 | _a1416950060 (pbk.) | ||
| 035 | _a(OCoLC)692662730 | ||
| 040 |
_aGCV _cGCV |
||
| 043 | _an-us-ca | ||
| 082 | _aFIC HOP | ||
| 091 | _aFIC | ||
| 100 | 1 |
_aHopkins, Ellen. _eauthor |
|
| 245 | 1 | 0 |
_aIdentical / _cEllen Hopkins. |
| 250 | _a1st pbk. ed. | ||
| 260 |
_aNew York : _bMargaret K. McElderry Books, _c2010, c2008. |
||
| 300 |
_a565 p. ; _c18 cm. |
||
| 520 | _aSixteen-year-old identical twin daughters of a district court judge and a candidate for the United States House of Representatives, Kaeleigh and Raeanne Gardella desperately struggle with secrets that have already torn them and their family apart. | ||
| 650 | 0 | _aNovels in verse. | |
| 650 | 0 |
_aEmotional problems of teenagers _vFiction. |
|
| 650 | 0 |
_aFamily secrets _vFiction. |
|
| 650 | 0 |
_aSexual abuse victims _vFiction. |
|
| 650 | 0 |
_aTwins _vFiction. |
|
| 650 | 0 |
_aSisters _vFiction. |
|
| 651 | 0 |
_aCalifornia _vFiction. |
|
| 700 |
_aYuen, Sammy Jr. _eCover designer & illustrator |
||
| 901 |
_aaew _bCWE _cCATBL |
||
| 901 | _aMARS | ||
| 901 | _aBTCLS | ||
| 942 |
_2ddc _cFIC |
||
| 945 | _a.o13576653 | ||